000 00451nam a22001697a 4500
003 NUST
005 20260427164118.0
008 260427b ||||| |||| 00| 0 eng d
020 _a 978-0521817981
082 _a551.5
_bTHO
100 _a Thomas T. Warner.
_9134275
245 _aDesert Meteorology /
_c Thomas T. Warner.
260 _bCambridge University Press,
_c2004.
300 _a612 p ;
_c30.2 cm
563 _aHardcover
942 _2ddc
_cBK
999 _c617246
_d617246